00784nas a2200229Ia 4500001001100000003000900011008004100020040001300061040001300074041001300087100004400100210001400144222001400158245007900172250001100251260005000262501008600312300001700398362003500415500006800450650003600518R007/H9383IT-RoPAU151124c99999999xx |||||||||||| ||und|| aIT-RoPAU cIT-RoPAU aITALIANO aMalavasi LucagCodice Aut. SPICS: 55895 aCINEFORUM aCineforum aCINEFORUM, ANNO 49-N.488 (OTTOBRE 2009)bBasta Che Funzioni di Woody Allen a1a ed. aBERGAMObFEDERAZIONE ITALIANA CINEFORUMc2009 bPaulus - SPICS - Società San Paolo EM (non-commercial uses only)cCopyright2015 a3 p. [22-24] aANNO 049, N.488 (OTTOBRE 2009) aScheda, Trama e Recensione del Film. Un Arredatore Illuminista. aCINEMAvPUBBLICAZIONE PERIODICA